000 00484nam a2200181Ia 4500
005 20250326125800.0
008 250326s9999 xx 000 0 und d
037 _aTextbook
040 _aFMSL
_beng
_cFMSL
041 _aeng
_2eng
084 _aS N6
_qFMSL
100 _aIssacson R L
_9739682
245 0 _aPsychology the science of behaviour
_cIssacson R L
260 _aNY
_bNY, Harper & Row
_c1966
300 _a374p
942 _cTB
_hS N6
999 _c1279549
_d1279549